Mort subite : Cinéma français - Statistiques

Statistiques générales
  • Ce quiz a été pris 455 fois
  • Le résultat moyen est 3 sur 14
Answers on the Grid
Answers color-coded by a green-red scale on the quiz's grid according to % correct below.
Pierre Niney
Michel Serrault
Isabelle Adjani
Fabrice Luchini
Philippe Noiret
Sabine Azéma
Karin Viard
Juliette Binoche
Emmanuelle Béart
Isabelle Huppert
Nathalie Baye
Marion Cotillard
Sophie Marceau
André Dussolier
Yolande Moreau
Vincent Lindon
Gérard Depardieu
Louis de Funès
Jean Dujardin
Daniel Auteuil
Catherine Deneuve
Sandrine Bonnaire
Sandrine Kiberlain
Alain Delon
Romy Schneider
Virginie Efira
Michel Bouquet
Benoît Magimel
François Cluzet
Romain Duris
Mathieu Amalric
 
Statistiques - réponses
Réponse % Correct
Isabelle Adjani
50%
Michel Serrault
38%
Isabelle Huppert
32%
Gérard Depardieu
30%
Catherine Deneuve
23%
Philippe Noiret
22%
Benoît Magimel
17%
Nathalie Baye
13%
Romy Schneider
12%
Daniel Auteuil
10%
Sabine Azéma
9%
Mathieu Amalric
4%
Michel Bouquet
4%
Yolande Moreau
4%
Aucun quiz correspondant
Distribution des résultats
% des personnes avec chaque résultat
Percentile par nombre de réponses
Votre historique - résultats
Vous n’avez pas pris ce quiz